Геоэкологические проблемы деятельности России в прибрежной зоне Арктики; Творчество юных - шаг в успешное будущее

Бібліографічні деталі
Parent link:Творчество юных - шаг в успешное будущее.— 2016.— [С. 348-350]
Автор: Ким Е. С.
Співавтор: Национальный исследовательский Томский политехнический университет (ТПУ) Институт природных ресурсов (ИПР) Кафедра геоэкологии и геохимии (ГЭГХ)
Інші автори: Комарова Е. В. (научный руководитель), Рихванов Л. П. Леонид Петрович
Резюме:Заглавие с титульного экрана
Мова:Російська
Опубліковано: 2016
Серія:Геоэкологические проблемы освоения Арктики. Влияние техногенного воздействия на природную среду Арктики. Экологические риски. Охрана и защита арктического региона
Предмети:
Онлайн доступ:http://earchive.tpu.ru/handle/11683/36733
Формат: Електронний ресурс Частина з книги
KOHA link:https://koha.lib.tpu.ru/cgi-bin/koha/opac-detail.pl?biblionumber=622006

MARC

LEADER 00000naa2a2200000 4500
001 622006
005 20231101133205.0
035 |a (RuTPU)RU\TPU\conf\20654 
035 |a RU\TPU\conf\20653 
090 |a 622006 
100 |a 20170202d2016 k y0rusy50 ca 
101 0 |a rus 
102 |a RU 
105 |a y z 101zy 
135 |a drgn ---uucaa 
181 0 |a i  
182 0 |a b 
200 1 |a Геоэкологические проблемы деятельности России в прибрежной зоне Арктики  |f Е. С. Ким, Е. В. Комарова  |g науч. рук. Л. П. Рихванов 
203 |a Текст  |c электронный 
225 1 |a Геоэкологические проблемы освоения Арктики. Влияние техногенного воздействия на природную среду Арктики. Экологические риски. Охрана и защита арктического региона 
230 |a 1 компьютерный файл (pdf; 348 Kb) 
300 |a Заглавие с титульного экрана 
320 |a [Библиогр.: с. 350 (2 назв.)] 
463 1 |0 (RuTPU)RU\TPU\conf\20537  |t Творчество юных - шаг в успешное будущее  |o Арктика и её освоение  |o материалы IX Всероссийской научной молодежной конференции с международным участием с элементами научной школы имени профессора М.К. Коровина, г. Томск, 10-14 октября 2016 г.  |f Национальный исследовательский Томский политехнический университет (ТПУ) ; под ред. А. Ю. Дмитриева  |v [С. 348-350]  |d 2016 
610 1 |a труды учёных ТПУ 
610 1 |a электронные ресурсы 
610 1 |a геоэкологические проблемы 
610 1 |a Арктика 
610 1 |a экологическая безопасность 
610 1 |a нефтепродукты 
610 1 |a загрязнения 
700 1 |a Ким  |b Е. С. 
701 1 |a Комарова  |b Е. В. 
702 1 |a Рихванов  |b Л. П.  |c геолог  |c профессор Томского политехнического университета, доктор геолого-минералогических наук  |c заслуженный геолог РФ  |c почетный работник высшего образования РФ  |f 1945-  |g Леонид Петрович  |2 stltpush  |4 727 
712 0 2 |a Национальный исследовательский Томский политехнический университет (ТПУ)  |b Институт природных ресурсов (ИПР)  |b Кафедра геоэкологии и геохимии (ГЭГХ)  |h 259  |2 stltpush  |3 (RuTPU)RU\TPU\col\18658 
801 2 |a RU  |b 63413507  |c 20170210  |g RCR 
856 4 |u http://earchive.tpu.ru/handle/11683/36733 
942 |c BK